00606cam a22002171 4500001001300000003000400013005001700017008004100034010001700075035001900092040001800111042001200129050002400141082001000165100002500175245008200200260004100282300002700323655002100350999001700371ca 34001349 DLC20260227111133.0800524s1928 nyu 000 0 eng  aca 34001349  a(OCoLC)6354356 aDLCcOCldDLC apremarc00aPS3543.A54bS4 1928 a812.51 aVan der Veer, Ethel.10aShipping mother east,ba satirical comedy in one act,cby Ethel Van der Veer. aNew York city,bT.R. Edwardsc[1928] a2 p. l., 26 p.c20 cm. 7aComedies.2gsafd c17485d17485